Podstata, metódy a význam verejnej kontroly v podmienkach SR bakalárska práca

Uložené v:
Podrobná bibliografia
Hlavný autor: Cicáková, Lenka
Korporativný autor: Národohospodárska fakulta EU. Katedra financií
Ďalší autori: Čiernik, Anton
Médium: Kniha
Jazyk:Slovak
Vydavateľské údaje: Bratislava 2009
Tagy: Pridať tag
Žiadne tagy, Buďte prvý, kto otaguje tento záznam!

MARC

LEADER 00000nam$a2200000$$$4500
001 0102630
005 20240318141443.0
041 0 |a slo 
044 |a SK 
245 1 0 |a Podstata, metódy a význam verejnej kontroly v podmienkach SR  |b bakalárska práca  |c Lenka Cicáková ; škol. Anton Čiernik 
264 1 |a Bratislava  |c 2009 
300 |a 36 s. 
100 1 |a Cicáková, Lenka 
700 1 |a Čiernik, Anton 
710 2 |a Národohospodárska fakulta EU. Katedra financií